[Event "Stepan Avagyan Mem 2025"]
[Site "Jermuk ARM"]
[Date "2025.06.02"]
[Round "5.3"]
[White "Yakubboev, Nodirbek"]
[Black "Hovhannisyan, Robert"]
[Result "1-0"]
[Annotator "Tactical Analysis 7.0"]
[WhiteElo "2665"]
[BlackElo "2635"]
[PlyCount "113"]
[GameId "2184635379210412"]
[EventDate "2025.05.29"]

1. e4 e5 2. Nf3 Nc6 3. Bc4 Bc5 4. c3 Nf6 5. d3 d6 6. Bg5 {[%cal Bc1g5,Bg5h4,Bh4g3][%mdl 32]} a5 {C54: Giuoco Piano: 4 c3 Nf6, main lines with 5 d4 and 5 d3.} 7. Nbd2 h6 8. Bh4 Ba7 {The position is equal.} 9. a4 Qe7 10. O-O Bd7 11. Rb1 g5 12. Bg3 Rg8 {[#]} 13. d4 $1 exd4 {[#]} (13... g4 14. Nh4) 14. e5 $146 ({Predecessor:} 14. Qb3 O-O-O 15. Rbe1 g4 16. Nxd4 Nxd4 17. cxd4 Bxd4 18. Bh4 Rg5 19. Bd5 c6 20. Nc4 {½-½ Sevian,S (2689)-Niemann,H (2733) USA-ch Saint Louis 2024 (11)}) 14... dxe5 $15 {[%cal Bd6e5,Be5e4][%mdl 32]} (14... Nxe5 15. Re1 dxc3 16. bxc3 $16) 15. cxd4 e4 (15... Bxd4 $6 16. Nxd4 Nxd4 17. Bxe5 $16) (15... exd4 $6 16. Re1 Be6 17. Qb3 $16) 16. d5 $1 Nb4 17. Qb3 $2 O-O-O $19 {[%cal Od7f5]} (17... exf3 $2 18. Rfe1 $18) 18. Ne5 {[%cal Od5d6]} Nh5 {[%cal Oe4e3]} 19. d6 Qxd6 ({Black should try} 19... cxd6 $19 20. Nxf7 Nxg3 21. Qxg3 Rg6 22. Nxd8 d5) 20. Nxe4 $15 Qe7 (20... Qd4 $6 21. Bxf7 Nxg3 22. Nxg3 Qxe5 23. Bxg8 $16) 21. Rbe1 $1 Nxg3 22. Nxg3 {[%cal Oe5d7]} Rge8 (22... Rgf8 $15) 23. Re2 $1 $11 (23. Bxf7 Be6 24. Bxe6+ Qxe6 $17) 23... Qxe5 24. Rxe5 Rxe5 25. Bxf7 {White is weak on the dark squares} (25. Qc3 $11 f6 26. b3) 25... Bc6 $15 26. Bg6 {Prevents Rd3.} Bb6 {[%mdl 1024] Black has compensation.} 27. h3 Kb8 $1 28. Kh2 Ka7 29. Qf7 Rd2 {[%cal Ob4d5]} 30. b3 (30. Qg7 $11 {was preferable.} Re6 31. Bf5) 30... Bd5 (30... Re3 $15) 31. Qf8 Bxb3 {This pair of bishops is nice.} 32. Ne4 (32. Qg7 $142 Bd4 33. Qxc7 Bxa4 34. Be4) 32... Rd4 33. Nc3 {[%cal Of1e1] And now Re1! would win.} c6 $1 34. Qxh6 ({White should play} 34. Rb1 $1 $15 Bc2 35. Bxc2 Nxc2 36. Qxh6 (36. Qg7 Re6 $11)) 34... Rc4 $17 35. Nb1 Rd4 {Wards off Nd2} (35... Bxa4 $142 36. f3 Bc7) 36. Nc3 (36. Qg7 $142 Nd5 37. Bh5 (37. Qxe5 Bc7 $17)) 36... Nd5 37. Rb1 (37. Bf7 $17) 37... Rb4 $2 (37... Nxc3 $19 38. Rxb3 Bc7) 38. Qg7 $15 {[#]} (38. Nxd5 Bxd5 39. Rf1 g4 $17) 38... Re7 (38... Bd4 $1 $17 39. Nxd5 Rxd5) 39. Qf8 (39. Qh8 $1 $11) 39... Rf4 (39... Re6 $17 40. Bf7 (40. Nxd5 Bxd5 41. Rxb4 axb4 $17) 40... Rf6 (40... Nxc3 41. Rxb3 Bc7+ 42. g3 $11) (40... Bc7+ 41. Kh1 $11)) 40. Qc8 (40. Qh8 $1 $11 {remains equal.} Nxc3 41. Rxb3) 40... Nxc3 $17 41. Rxb3 Nd5 (41... Nxa4 $17 42. Rb1 Rxf2) 42. f3 $11 Rxa4 {White must now prevent ...Re2.} 43. Rxb6 $1 Nxb6 (43... Kxb6 44. Qd8+ Rc7 45. Qxg5 $15) 44. Qf5 Ra2 (44... Re2 $5 45. Bf7 $8 Re7 $11) 45. Bf7 $1 Rb2 {[%mdl 8192]} (45... Nd5 $1 $11 {and Black stays safe.} 46. Bxd5 cxd5 47. Qxd5 Ree2 48. Qc5+ Ka8 49. Qf8+ Ka7 50. Qc5+) 46. Qxa5+ $18 Kb8 47. Qxg5 Ree2 48. h4 {[%cal Bh3h4,Bh4h5][%mdl 32]} Kc7 49. h5 Nd7 50. Bg6 Ne5 51. Kh3 Nxf3 52. Qa5+ {White is clearly winning.} ({Worse is} 52. gxf3 Rh2+ 53. Kg4 Rbg2+ 54. Kf5 Rxg5+ 55. Kxg5 Kd6 $17) 52... b6 53. Qa7+ Kd6 54. Qb8+ Kd5 55. gxf3 Re1 56. Qd8+ Kc5 {What a fight! An excellent game by Yakubboev.   Weighted Error Value: White=0.20 (precise) /Black=0.46} 57. Qg5+ 1-0

[Event "13th Norway Chess Women"]
[Site "Stavanger NOR"]
[Date "2025.06.03"]
[Round "8.1"]
[White "Khademalsharieh, Sarasadat"]
[Black "Koneru, Humpy"]
[Result "0-1"]
[Annotator "Tactical Analysis 7.0"]
[WhiteElo "2449"]
[BlackElo "2543"]
[PlyCount "116"]
[GameId "2184769576492834"]
[EventDate "2025.05.26"]

1. d4 Nf6 2. c4 e6 3. Nf3 d5 4. Nc3 h6 5. e3 Nbd7 6. Bd3 {D37: Queen's Gambit Declined: 5 Bf4.} dxc4 7. Bxc4 c5 8. O-O {The position is equal.} a6 9. a4 Be7 $5 $146 {[%mdl 8] An interesting novelty.} ({Predecessor:} 9... Qc7 10. Qe2 Bd6 11. dxc5 Bxc5 12. e4 Ng4 13. h3 Nde5 14. hxg4 Nxc4 15. e5 Bd7 {1-0 Niemann,H (2478)-Cornette,M (2558) Sitges Sunway 7th 2020 (6)}) 10. dxc5 Bxc5 11. b3 (11. e4 {feels stronger.}) 11... b6 $11 12. Bb2 Bb7 13. Qe2 Qb8 14. Bd3 O-O 15. h3 Rd8 16. Bc2 Qa7 17. Nd2 Rac8 18. Nde4 Be7 19. Rfd1 Qa8 20. f3 Qb8 {Dodges Nd6} 21. Rac1 a5 22. Bd3 (22. Nd2 $11) 22... Nc5 $15 23. Nxc5 Bxc5 (23... Rxc5 $6 24. Ba3 $11) 24. Qf2 Bd6 25. f4 Bc5 26. Ne2 ({Better is} 26. Nb5 $15) 26... Ne4 $17 27. Bxe4 Bxe4 28. Rxd8+ Rxd8 29. Qg3 {[%csl Gb2][%cal Rg3g7] [#]} Bg6 {Active counter play! A strong pair of Bishops.} 30. Nd4 (30. Bd4 $17) 30... Qd6 $19 31. h4 (31. Kh2 {was worth a try.}) 31... Qd5 32. Kh2 Kh7 33. Rd1 f6 34. e4 Qb7 {[#]} (34... Qxe4 35. h5 (35. Re1 $2 Rxd4 36. Rxe4 Rxe4 $19) 35... Bxh5 36. Nxe6 $17) 35. Rd2 $2 (35. e5) 35... Bxe4 (35... Qxe4 36. h5 Bxh5 (36... Rxd4 $2 37. Qxg6+ Qxg6 38. hxg6+ Kxg6 39. Bxd4 $18) 37. Nxe6 $17) 36. Bc3 Qf7 37. Qe3 Qg6 38. Qe2 {Black must now prevent h5.} f5 39. Nf3 Bxf3 40. Qxf3 Rxd2 41. Bxd2 {[%mdl 4096] Endgame KQB-KQB. Black is a pawn up.} Qg4 42. Be1 Qxf3 43. gxf3 {KB-KB. Black is a pawn up.} Bd6 44. Bg3 Kg6 45. Kh3 Kf6 46. Bf2 Bc5 {Repels Bd4+} (46... Bxf4 47. Bxb6 Bd2 48. Bc5 $17) 47. Be1 Bd4 (47... h5 $142 48. Bc3+ Kf7) 48. b4 $2 (48. Kg2) 48... axb4 49. Bxb4 e5 $2 ({Black should play} 49... h5 $19 50. Kg3 e5 51. fxe5+ Kxe5) 50. fxe5+ Kxe5 ({Don't play} 50... Bxe5 51. Bd2 $17) 51. a5 b5 {This costs White the game.} 52. Bf8 $2 {[%mdl 8192]} (52. a6 $17 Kd5 53. Bc3) 52... Kd5 {Black is clearly winning.} 53. a6 {[%cal Of8g7]} Kc6 54. Kg3 Bc3 {aiming for ...b4.} 55. a7 Kb7 56. Bc5 b4 57. Kf4 b3 {( -> ...b2)} 58. Ba3 {Weighted Error Value: White=0.48/Black=0.22 (precise)} b2 0-1

[Event "13th Norway Chess 2025"]
[Site "Stavanger NOR"]
[Date "2025.06.03"]
[Round "8.1"]
[White "Erigaisi, Arjun"]
[Black "Caruana, Fabiano"]
[Result "1-0"]
[Annotator "Tactical Analysis 7.0"]
[WhiteElo "2782"]
[BlackElo "2776"]
[PlyCount "141"]
[GameId "2184775525646432"]
[EventDate "2025.05.26"]

1. d4 d5 2. c4 e6 3. Nf3 Nf6 4. Nc3 Bb4 5. a3 Bxc3+ 6. bxc3 c5 7. cxd5 {D38: Queen's Gambit Declined: Ragozin Defence (4 Nf3 Bb4).} exd5 8. g3 O-O 9. Bg2 {The position is equal.} Ne4 10. O-O Re8 11. Qc2 cxd4 12. Nxd4 Nc6 13. Rd1 {and Bxe4 should not be overlooked} Na5 14. Rb1 Bd7 15. Rb4 Qf6 16. Be3 $146 (16. Bxe4 dxe4 17. Nb5 Bxb5 18. Rxb5 b6 19. Rb4) ({Predecessor:} 16. Bxe4 dxe4 17. Bf4 Rac8 18. Nb3 Nxb3 19. Rxd7 Nc5 20. Rd6 Qe7 21. Rd1 {½-½ Tasic,V-Daurelle,H LSS ST-2007-0-00015 LSS email}) 16... Rac8 17. Bxe4 Rxe4 18. Nf3 $1 Rxb4 (18... Qxc3 $2 19. Qxc3 Rxc3 20. Rxd5 $18 (20. Rxe4 dxe4 21. Rxd7 h6 $18)) 19. axb4 Nc4 (19... Rxc3 $2 20. Qd2 Nb3 21. Qxd5 $18) 20. Bd4 (20. Bxa7 $14 Be6 21. Qc1) 20... Qa6 21. Ng5 Qh6 22. h4 f6 23. Nf3 a6 24. Ne1 Qg6 25. Nd3 (25. Qxg6 $142 hxg6 26. Ng2) 25... Re8 {White is weak on the light squares} 26. Qc1 Qf7 (26... Rxe2 $6 27. Nf4 Qg4 28. Nxe2 Qxe2 29. Re1 $16) 27. Re1 b6 28. Nb2 Bb5 29. Nxc4 Bxc4 30. Bxb6 Bxe2 31. Qd2 Qh5 32. Qf4 {[%cal Of2f3]} Re4 $1 33. Qb8+ {[#]} (33. Qd2 $1 $15) 33... Kf7 $1 $17 34. Bc5 h6 (34... Kg6 $17) 35. Kh2 (35. f3 $2 Qxf3 36. h5 Qxh5 37. Qa7+ Kg8 $19 (37... Kg6 38. Bf8 $15)) (35. b5 $1 $15 Bxb5 36. Qb7+ (36. Rxe4 Qd1+ 37. Kh2 dxe4 $15) 36... Kg8 (36... Kg6 37. Rxe4 dxe4 38. Qxe4+ Kf7 39. Qb7+ Kg8 40. Qa8+ Be8 41. Bd4 $11) 37. Rxe4 {[%mdl 64] Remove Defender} dxe4 38. Qa8+ Qe8 39. Qxe8+ Bxe8 40. Kf1) 35... Qf3 (35... Qf5 $142) 36. Qb7+ (36. c4 $2 dxc4 37. Qc7+ (37. b5 $2 axb5 38. Qf8+ Kg6 $19) 37... Kg8 $19 (37... Kg6 $2 38. Rg1 $19)) 36... Kg6 {[%cal Oe4h4]} 37. Rg1 Kh7 {[%cal Od5d4]} 38. Qa7 (38. Qd7 $17) 38... Qf5 (38... Qxc3 39. Bf8 Rg4 40. Qe3 Qxe3 41. fxe3 $17) 39. Bf8 (39. Bd4 $17) 39... Qg6 (39... Qg4 $19 40. Re1 Kg8) 40. Re1 {[#]} (40. Qd7 $17) 40... Kg8 $1 $19 41. Bc5 Qf5 42. Qc7 (42. Be3 $17 {might work better.} Bb5 43. Kg2) 42... Qf3 $2 (42... Kh7 $19 43. Qd6 Qf3) 43. Rg1 ({White should try} 43. Qc8+ $1 $15 Kh7 44. Qh3) 43... h5 (43... Qf5 $17) 44. Qd7 $11 Bc4 {[%cal Od5d4]} 45. b5 $2 {[%mdl 8192]} Bxb5 $2 (45... d4 $19 46. Qd6 (46. cxd4 $2 Be6 $19) 46... Qxf2+ 47. Rg2 Qf3 48. Bxd4 (48. bxa6 $2 Bf1 $19) 48... axb5 (48... Bxb5 49. Rf2 $17) (48... Re2 $2 49. Rxe2 Qxe2+ 50. Kg1 $19)) 46. Qxd5+ $15 Kh7 {[%cal Oe4h4]} (46... Kh8 {is interesting.} 47. g4 Be8 48. Rg3 Qe2) 47. Qd1 $2 (47. g4 $17) 47... Re2 {[%cal Ob5c6]} (47... Qxc3 $2 48. Qxh5+ Kg8 49. Qd5+ Kh8 50. Qxe4 $18) 48. Qb1+ Bd3 49. Qc1 Be4 (49... Re4 $19 {and Black stays clearly on top. and ...a5 should not be overlooked} 50. Be3 a5) 50. Qf4 $17 Qxc3 ({Better is} 50... Ra2 $17) 51. Be3 $1 $11 Bg6 52. g4 hxg4 (52... Qd3 {simplifies} 53. Rc1 Rc2 54. Rxc2 Qxc2 55. g5 fxg5 56. Qxg5 Qd1) 53. h5 {[%mdl 64] Decoy} Bxh5 54. Qf5+ Bg6 55. Qxg4 Qe5+ $2 {[%mdl 8192]} (55... Qc7+ $11 56. Rg3 Qc2) 56. Rg3 $18 Qh5+ (56... Qxg3+ 57. Kxg3 Ra2) 57. Rh3 Qxh3+ 58. Qxh3+ Kg8 59. Qg4 {[%csl LRe2,LRg6]} Bd3 (59... Rxe3 $142 60. fxe3 Bd3 61. Qe6+ Kh7) 60. Bh6 {[%csl Gh6][%cal Rg4g7]} Re7 {[#]} 61. Bxg7 $1 Be2 (61... f5 62. Qd4) 62. Qg6 (62. Bxf6+ Bxg4 63. Bxe7 Bd7 $11) 62... Rxg7 {[%mdl 4096] Endgame KQ-KRB} 63. Qe8+ ({Worse is} 63. Qxf6 Rh7+ 64. Kg2 Rg7+ 65. Kh1 Rh7+ 66. Kg2 Rg7+ 67. Kh1 Rh7+ 68. Kg2 $11) 63... Kh7 64. Qxe2 {KQ-KR} Rg5 65. Qxa6 {White mates.} Kg7 66. f4 {[%cal Bf2f4,Bf4f5][%mdl 32]} Rg4 67. f5 Rb4 68. Kg3 Rb1 69. Qa7+ Kh6 70. Qf7 {[%csl Gf5][%cal Rf7g6]} Rb3+ {Never resign too early!   Weighted Error Value: White=0.28 (precise) /Black=0.48} 71. Qxb3 1-0

[Event "13th Norway Chess 2025"]
[Site "Stavanger NOR"]
[Date "2025.06.03"]
[Round "8.2"]
[White "Wei, Yi"]
[Black "Carlsen, Magnus"]
[Result "1/2-1/2"]
[Annotator "Tactical Analysis 7.0"]
[WhiteElo "2758"]
[BlackElo "2837"]
[PlyCount "61"]
[GameId "2184783306457488"]
[EventDate "2025.05.26"]

1. e4 e5 2. Nf3 Nc6 3. Nc3 Nf6 4. Bb5 Bd6 5. d3 h6 6. a3 {C48: Four Knights: 4 Bb5, replies other than 4...Bb4.} a6 7. Ba4 Bc5 8. Bxc6 {White has an edge.} dxc6 {The position is equal.} 9. Nxe5 (9. Be3 {simplifies} Bxe3 10. fxe3 Qd6 11. d4) 9... Qd4 $146 {[%csl Gc5,LRe5,LRf2][%cal Rd4f2] [#]} ({Predecessor:} 9... Bxf2+ 10. Kxf2 Qd4+ 11. Be3 Qxe5 12. h3 Qe7 13. Rf1 Be6 14. Kg1 O-O-O 15. Qf3 Kb8 16. Qf2 {½-½ Cornette,M (2599)-Adams,M (2744) Kilkenny Masters 2016 (3)}) 10. Be3 Qxe5 11. d4 Qe7 12. dxc5 {And now f3 would win.} Nxe4 13. Nxe4 Qxe4 14. Qd4 Qxd4 (14... Qxg2 $2 {perishes.} 15. O-O-O (15. Qe5+ Be6 $16) 15... Be6 16. Rhg1 $18) 15. Bxd4 f6 16. Kd2 Kf7 17. Kc3 Bf5 18. Rad1 Rad8 19. f3 {White is weak on the light squares} h5 20. h4 Rhe8 {...Re2 would now be deadly.} 21. Bf2 Rxd1 22. Rxd1 $11 {[%mdl 4096] Endgame KRB-KRB} g5 23. Re1 Rxe1 24. Bxe1 {KB-KB} Ke6 25. Bg3 Kd5 26. b4 b5 27. hxg5 fxg5 28. Bxc7 g4 29. fxg4 Bxg4 30. g3 Ke4 {An interesting draw.   Weighted Error Value: White=0.03 (flawless) /Black=0.02 (flawless)} 31. Kd2 1/2-1/2

[Event "13th Norway Chess 2025"]
[Site "Stavanger NOR"]
[Date "2025.06.03"]
[Round "8.3"]
[White "Nakamura, Hikaru"]
[Black "Gukesh, D."]
[Result "1-0"]
[Annotator "Tactical Analysis 7.0"]
[WhiteElo "2804"]
[BlackElo "2787"]
[PlyCount "99"]
[GameId "2184785621140219"]
[EventDate "2025.05.26"]

1. e4 e5 2. Nf3 Nc6 3. d4 exd4 4. Nxd4 Nf6 5. Nc3 Bb4 6. Nxc6 bxc6 7. Bd3 O-O {is currently scoring better than 7...d5.} 8. O-O d5 9. exd5 {C47: Scotch Four Knights and Four Knights with 4 g3.} Bg4 10. f3 Bh5 11. Bg5 {White has an edge.} cxd5 12. Bxf6 Qxf6 13. Nxd5 Qxb2 14. Rb1 Bc5+ 15. Kh1 Qe5 {[%cal Oa8d8]} 16. Re1 $5 {[%mdl 4] Leaves trodden paths.} (16. f4 {simplifies} Bxd1 17. fxe5 Bg4 18. Nxc7 Rac8 19. Rb7) 16... Qd6 {[%cal Oa8e8] Black is weak on the light squares} 17. Ne7+ Kh8 18. Qe2 Rab8 $146 ({Predecessor:} 18... Bg6 19. Nxg6+ hxg6 20. Qe5 Rab8 21. Qxd6 Bxd6 22. g3 g5 23. Rxb8 Rxb8 24. Re4 a5 {½-½ Nepomniachtchi,I (2758)-Caruana,F (2803) Candidates Tournament Toronto 2024 (6)}) 19. Qe4 {[%csl Gd3][%cal Re4h7] [#]} Bg6 20. Nxg6+ {White leaves nothing to chance now.} fxg6 (20... hxg6 $14 21. Rxb8 Rxb8) 21. Rxb8 $40 {[%mdl 128] White is out for blood.} Rxb8 {[#]} 22. g3 $1 Rf8 23. Kg2 Bb6 (23... Qd8 {was worth a try.} 24. Qc6 Bd6) 24. h4 {[%cal Oh4h5]} Qc5 25. f4 Qf5 26. Qc4 ({Much less strong is} 26. Qxf5 $6 gxf5 27. Bxf5 g6) 26... Qf6 27. Re5 Qd6 28. c3 Qa3 29. Kh3 Qd6 30. Kg2 Qa3 31. Kh3 Qd6 32. Qe4 Bc5 33. Kg2 Qb6 34. Kh3 Qd6 35. h5 Qd7+ 36. Kg2 Bd6 37. Re6 {[%cal Be5e6,Be6e8,Be8d8][%mdl 32]} Rf6 38. Re8+ Bf8 39. Qa8 Qd6 40. Rd8 Qe7 (40... Qc5 $142 41. hxg6 hxg6 42. Bxg6 Kg8) 41. hxg6 hxg6 42. Qc8 {And now Qh3+ would win.} ({Less strong is} 42. Qd5 Rd6 43. Rxd6 Qxd6 $16) 42... Qc5 43. Be4 {Wards off Qc6} g5 (43... c6 $142 44. Bxg6 Kg8) 44. fxg5 Qf2+ 45. Kh3 {White mates.} Rf7 46. g6 Rf6 47. Qg4 Qf1+ 48. Bg2 Qc1 49. Qh4+ Qh6 {Weighted Error Value: White=0.03 (flawless) /Black=0.41} 50. Bd5 1-0

[Event "13th Norway Armageddon"]
[Site "Stavanger NOR"]
[Date "2025.06.03"]
[Round "8.2"]
[White "Wei, Yi"]
[Black "Carlsen, Magnus"]
[Result "1-0"]
[Annotator "Tactical Analysis 7.0"]
[WhiteElo "2758"]
[BlackElo "2837"]
[PlyCount "93"]
[GameId "2184789637858450"]
[EventDate "2025.05.26"]

1. e4 e5 2. Bc4 Nf6 3. d3 c6 4. Nf3 Be7 5. O-O d6 6. c3 {C24: Bishop's Opening: 2...Nf6.} Nbd7 7. Re1 Nf8 (7... O-O $11) 8. Qb3 $14 {White is slightly better.} Ne6 9. d4 $146 ({Predecessor:} 9. Bxe6 fxe6 10. d4 exd4 11. Nxd4 d5 12. exd5 exd5 13. Bg5 O-O 14. Nd2 Kh8 15. Bh4 {½-½ Fernandez Garcia,J (2474)-Kaplan,S (2345) Andorra op 24th 2006 (7)}) 9... Qc7 10. Nbd2 O-O 11. Bf1 Re8 12. a4 a5 (12... exd4 $11 13. cxd4 Bd7) 13. Nc4 exd4 14. Nb6 {White is much more active.} Rb8 15. cxd4 Bd8 16. Nxc8 Rxc8 17. Bd2 Qb6 $1 18. Qd3 d5 19. e5 Ne4 {[%cal Oe4d2]} 20. Be3 Be7 {[%cal Oc6c5]} (20... Qxb2 21. Reb1 Qc3 22. Qd1 $18 (22. Qxc3 Nxc3 23. Rb3 Ne4 $11)) 21. Red1 Red8 22. Qb1 (22. g3 {is superior.}) 22... c5 $11 23. Bb5 cxd4 24. Nxd4 Nxd4 25. Bxd4 {A strong pair of Bishops.} Bc5 26. Qd3 g6 27. Qe3 Bxd4 28. Rxd4 Ng5 {[%mdl 64] [#] Deflection} 29. Qd2 {[%cal Od4d5]} (29. Rad1 {simplifies} Ne6 30. Rxd5 Rxd5 31. Rxd5 Qxe3 32. fxe3 Rc1+ 33. Kf2) 29... Rc2 $2 {[%mdl 8192]} 30. Qxg5 $2 $18 {Carlsen just laughed here.} ({Not} 30. Qxc2 Qxd4 31. Qe2 Qb4 $11 (31... Ne4 32. Rd1 $11)) 30... Rxf2 31. Qxd8+ Qxd8 32. Kxf2 Qc7 33. Rxd5 Qb6+ 34. Ke2 Qe6 35. Rad1 Qf5 36. R1d4 Qc2+ 37. Kf3 Kg7 38. h3 h5 39. Rd7 g5 40. Bc4 Qf5+ 41. Ke2 Qxe5+ 42. Kd1 Qh2 43. R4d6 Qg1+ 44. Kc2 Qxg2+ 45. Kb3 Kf8 46. Rxf7+ Ke8 {Weighted Error Value: White=0.09 (flawless) /Black=0.35} 47. Rg6 1-0

[Event "Stepan Avagyan Mem 2025"]
[Site "Jermuk ARM"]
[Date "2025.06.03"]
[Round "6.2"]
[White "Praggnanandhaa, R."]
[Black "Gledura, Benjamin"]
[Result "1-0"]
[Annotator "Tactical Analysis 7.0"]
[WhiteElo "2758"]
[BlackElo "2663"]
[PlyCount "87"]
[GameId "2184794196125120"]
[EventDate "2025.05.29"]

1. d4 Nf6 2. c4 e6 3. Nc3 Bb4 4. a3 Bxc3+ 5. bxc3 b6 6. f3 Nc6 7. e4 Ba6 8. Bg5 h6 {E24: Nimzo-Indian: Sämisch: Unusual Black 5th moves and 5...c5 sidelines.} 9. Bh4 g5 10. Bf2 Qe7 (10... Nh5 $11) 11. Bd3 (11. h4 $16) 11... Nh5 $146 ({Predecessor:} 11... O-O-O 12. Ne2 d5 13. Qa4 Nb8 14. e5 Nh5 15. Nc1 Nf4 16. Bf1 h5 17. g3 Ng6 18. cxd5 Bxf1 19. Kxf1 exd5 20. Qxa7 {1-0 Capuzzi,G (1820)-Williams,R (1444) USA-ch S30019 email ICCF email 2013}) 12. Ne2 Rg8 (12... Na5 $11 {keeps the balance.}) 13. O-O $16 Nf4 14. Nxf4 gxf4 15. Kh1 $1 Na5 (15... Qg5 16. Rg1 $14) 16. c5 $1 Bxd3 17. Qxd3 bxc5 18. Qa6 Nc6 {[#]} (18... Qg5 19. Rg1 Nc6 20. d5) 19. Rab1 $1 f6 (19... Qg5 20. Rg1 $14) 20. Qb7 {White is more active.} (20. dxc5 $6 Qg7 21. Rg1 Qg6 $14) 20... Rb8 (20... Qd8 $16) 21. Qxc7 $18 Rxb1 22. Rxb1 cxd4 23. cxd4 Qxa3 24. Qc8+ (24. Qxf4 Qa2 25. Rf1 Qe2 $11) 24... Nd8 25. Qc2 (25. Rb8 $18 Kf7 26. Qxd7+ Qe7 27. Qb5) 25... Qd6 $16 26. Rd1 a5 (26... Qc6 $16 27. Qd2 d5) 27. Bh4 $18 {[%cal Oe4e5] e5! is the strong threat.} Rf8 $2 {[#]} (27... Qc6 28. Qd2 Rg6) 28. e5 $1 {[%mdl 512]} fxe5 (28... Qd5 29. Qg6+) 29. dxe5 Qb8 30. Bf6 Rf7 31. Rb1 (31. Qg6 Qb3 32. Rb1 Qa2 $18) 31... Qa8 32. h4 (32. Qg6 Qc8 33. Bg7 (33. Qxh6 Qc2 $18) 33... Nc6 34. Qxh6 (34. Bxh6 Ne7 $18) 34... Kd8 35. Bf6+ Kc7 36. Qxf4 Qa6 $18) 32... Nc6 33. Qg6 a4 {[%cal Ba5a4,Ba4a3,Ba3a2][%mdl 32]} 34. Qg8+ ({Weaker is} 34. Qxh6 a3 35. Bg7 (35. Qxf4 a2 $11) 35... Ke7 $18 (35... a2 36. Qh8+ {[%mdl 64] Skewer} Ke7 37. Bf6+ Rxf6 38. exf6+ Kd6 39. Rd1+ {[%mdl 64] Skewer} Ke5 40. Qxa8 Kxf6 41. Qf8+ Kg6 42. Qg8+ Kf6 43. Rxd7)) 34... Rf8 35. Qg6+ Rf7 36. Qxh6 a3 37. Qxf4 $2 (37. Kh2 $18) 37... a2 $11 38. Ra1 Qb7 $2 {[%mdl 8192] [#]} (38... Qb8 $1 $11 {and Black stays safe.} 39. Qg5 Qb1+ 40. Kh2 Qxa1 41. Qg8+ Rf8 42. Qg6+ Rf7 43. Qg8+) 39. Qc1 $1 $18 Qb3 40. Kh2 Qa4 {[%cal Of7f6]} 41. Kh3 {White is clearly winning.} Qb3 42. Qd2 Nb4 43. Rc1 {[%cal Rc1c8]} d5 {Weighted Error Value: White=0.20 (precise) /Black=0.63} 44. Qg5 1-0